La antinovela: sospecha, liquidación o búsqueda

Shranjeno v:
Bibliografske podrobnosti
Glavni avtor: Pinguard, Bernard
Format: Knjiga
Jezik:Undetermined
Izdano: Buenos Aires, Argentina Carlos Pérez 1968
Teme:
Oznake: Označite
Brez oznak, prvi označite!

MARC

LEADER 00000nam a2200000Ia 4500
008 170316s9999 xx 000 0 und d
090 |a 801 P-24a 
100 |a Pinguard, Bernard 
245 |a La antinovela: sospecha, liquidación o búsqueda 
260 |a Buenos Aires, Argentina 
260 |b Carlos Pérez 
260 |c 1968 
300 |a 67 páginas 
650 |a TEORÍA LITERARIA 
999 |c 20556  |d 20556 
040 |a cru BVZT 
942 |c 15 D  |h 801 P-24a  |2 z